000 00419nam a22001697a 4500
999 _c3611
_d3611
008 200622b ||||| |||| 00| 0 eng d
082 0 0 _a623.88
_bB6233
100 _92982
_aBisset, James.
245 1 0 _aLifeboat efficiency
_cby James. Bisset
250 _a33rd ed.
260 _aliverpool
_bBirchall
_c1950
300 _a46p.
365 _d0.75
650 0 _aLifeboats
700 _92983
_aSorell, D. W.
942 _cBK